Heaven - Gotthard - All Lyrics - Statistics

General Stats
  • This quiz has been taken 12 times
  • The average score is 115 of 153
Answer Stats
Answer % Correct
for
100%
forever,
100%
heart.
100%
I
100%
In
100%
me
100%
my
100%
Show
100%
the
100%
to
100%
way
100%
you
100%
your
100%
away,
83%
back
83%
be
83%
before.
83%
by
83%
far
83%
find
83%
from
83%
Gave
83%
heaven,
83%
I'm
83%
it
83%
last
83%
Let
83%
let
83%
like
83%
love
83%
never
83%
no
83%
now
83%
Now
83%
of
83%
on
83%
peace
83%
say.
83%
so
83%
stand
83%
this
83%
thought
83%
want
83%
with
83%
would
83%
again,
67%
am
67%
Am
67%
and
67%
apart.
67%
ashes
67%
asking
67%
bad.
67%
but
67%
door,
67%
drifting
67%
Everything's
67%
fell
67%
floor.
67%
gone
67%
home.
67%
hurt
67%
just
67%
left
67%
night,
67%
our
67%
power,
67%
rise
67%
searching,
67%
Silence,
67%
sky,
67%
sky.
67%
standing
67%
together,
67%
up
67%
Was
67%
wishing
67%
words
67%
you're
67%
all
50%
Darkest
50%
darkest
50%
desire.
50%
Has
50%
here
50%
hours,
50%
keep
50%
more
50%
once
50%
some
50%
survive,
50%
taken
50%
time,
50%
tryin'
50%
we're
50%
at
33%
embrace?
33%
falling?
33%
place?
33%
slept
33%
someone
33%
they'd
33%
victim
33%
you'd
33%
running,
17%
times
17%
No matching quizzes found
Score Distribution
Percent of People with Each Score
Percentile by Number Answered
Your Score History
You have not taken this quiz